000 00751nam a2200229 a 4500
001 BRCA_7022
005 20190321142930.0
008 291111s1909----gw-a######---#000-0#ger-#
041 _ager
044 _agw
050 4 _b.M47 1909
100 1 _aMesserschmitt, Johann Baptist
_d1861-1912
_917467
245 1 0 _adie erde als himmelskörper
_beine astronomische Geographie
_cvon Dr. J. B. Messerschmitt.
260 _aStuttgart
_bStrcker & Schroder
_c1909
300 _axi, 212 p.
_bil.
_c22 cm.
440 0 _aNaturwissenschaftliche Wegweiser : Sammlung gemeinverständlicher Darstellungen / Herausgegeben von Kurt Lampert
_v1
_917468
500 _aL204
650 1 4 _aAstronomía
_97908
650 1 4 _aCiencia
_914431
902 _aGFM
942 _2lcc
_cB
999 _c6703
_d6703